Name the biggest one - Statistics

General Stats
  • This quiz has been taken 20 times
  • The average score is 11 of 15
Answer Stats
Hint Answer % Correct
Continent Asia
100%
Gulf Gulf of Mexico
100%
Ocean Pacific Ocean
100%
Country Russia
100%
Desert Sahara Desert
100%
Island Greenland
89%
Landlocked country Kazakhstan
68%
Single island country Madagascar
68%
Capital city Tokyo
68%
Japanese island Honshu
63%
Lake in Africa Lake Victoria
63%
Forest Amazon Forest
58%
Bay Bay of Bengal
47%
Lake Caspian Sea
47%
Peninsula Arabian Peninsula
37%
No matching quizzes found
Score Distribution
Percent of People with Each Score
Percentile by Number Answered
Your Score History
You have not taken this quiz